| 000 -LEADER |
| fixed length control field |
04085cam a22004458i 4500 |
| 001 - CONTROL NUMBER |
| control field |
21846738 |
| 003 - CONTROL NUMBER IDENTIFIER |
| control field |
NUST |
| 005 - DATE AND TIME OF LATEST TRANSACTION |
| control field |
20220825115120.0 |
| 008 - FIXED-LENGTH DATA ELEMENTS--GENERAL INFORMATION |
| fixed length control field |
201214s2021 mau 001 0 eng |
| 010 ## - LIBRARY OF CONGRESS CONTROL NUMBER |
| LC control number |
2020047842 |
| 020 ## - INTERNATIONAL STANDARD BOOK NUMBER |
| International Standard Book Number |
9781647820381 |
| Qualifying information |
(hardcover) |
| 020 ## - INTERNATIONAL STANDARD BOOK NUMBER |
| Canceled/invalid ISBN |
9781647820398 |
| Qualifying information |
(ebook) |
| 038 ## - RECORD CONTENT LICENSOR |
| Staff Name |
Azhar |
| 040 ## - CATALOGING SOURCE |
| Original cataloging agency |
MH/DLC |
| Language of cataloging |
eng |
| Description conventions |
rda |
| Transcribing agency |
DLC |
| 042 ## - AUTHENTICATION CODE |
| Authentication code |
pcc |
| 050 00 - LIBRARY OF CONGRESS CALL NUMBER |
| Classification number |
HF5387 |
| Item number |
.J647 2021 |
| 082 00 - DEWEY DECIMAL CLASSIFICATION NUMBER |
| Classification number |
658.4092 |
| Edition number |
23 |
| Author Mark |
JOL |
| 100 1# - MAIN ENTRY--PERSONAL NAME |
| Personal name |
Joly, Hubert, |
| Relator term |
author. |
| 9 (RLIN) |
96032 |
| 245 14 - TITLE STATEMENT |
| Title |
The heart of business : |
| Remainder of title |
leadership principles for the next era of capitalism |
| Statement of responsibility, etc. |
Hubert Joly with Caroline Lambert. |
| 260 ## - PUBLICATION, DISTRIBUTION, ETC. |
| Place of publication, distribution, etc. |
Boston, MA : |
| Name of publisher, distributor, etc. |
Harvard Business Review Press, |
| Date of publication, distribution, etc. |
2021 |
| 263 ## - PROJECTED PUBLICATION DATE |
| Projected publication date |
2105 |
| 300 ## - PHYSICAL DESCRIPTION |
| Extent |
266p |
| 336 ## - CONTENT TYPE |
| Content type term |
text |
| Content type code |
txt |
| Source |
rdacontent |
| 337 ## - MEDIA TYPE |
| Media type term |
unmediated |
| Media type code |
n |
| Source |
rdamedia |
| 338 ## - CARRIER TYPE |
| Carrier type term |
volume |
| Carrier type code |
nc |
| Source |
rdacarrier |
| 500 ## - GENERAL NOTE |
| General note |
Includes index. |
| 505 0# - FORMATTED CONTENTS NOTE |
| Formatted contents note |
Part I. The meaning of work: Adam's curse -- Why we work -- The problem with perfection -- Part II. The purposeful human organization: The tyranny of shareholder value -- The business of building cathedrals -- Putting a noble purpose to work -- How to turn around a business without everyone hating you -- Part III. Unleashing human magic: Moving past carrots and sticks -- Ingredient #1, connecting dreams -- Ingredient #2, developing human connections -- Ingredient #3, fostering autonomy -- Ingredient #4, achieving mastery -- Ingredient #5, putting the wind at your back -- Part IV. The case for purposeful leadership: How we lead matters -- The purposeful leader -- A call for action. |
| 520 ## - SUMMARY, ETC. |
| Summary, etc. |
"A remarkable turnaround by a leader with a remarkable philosophy: Find your noble purpose. Put people at the center. Unleash human magic. "It was Fall in Minnesota. It was getting cold and we were supposed to die." This is how Hubert Joly describes the early, dark days as CEO of Best Buy, a job most thought he was crazy to accept. Amazon was tearing a disruptive path through retail, but in the face of that existential threat Joly did something remarkable: he saved Best Buy and remade it into a thriving company rated as one of the most desirable businesses to work for. Having recently stepped down as Chairman and CEO, Joly is ready to share the leadership principles that underpinned the resurgence of Best Buy and that he believes are at the heart of business: pursue a noble purpose, put people at the center, unleash human magic, and treat profit as an outcome. There was a time when many would call this a soft philosophy. But times are changing. Best Buy and 180 other companies signed the momentous Business Roundtable statement in support of stakeholder capitalism. The Covid-19 pandemic further pushed many businesses to lead from a place of purpose and with humanity. The changes underway are not a revolt, but a revolution. And Joly provides concrete advice on how to implement principles that can serve as beacons for the next era of capitalism. Joly himself was transformed from a hard-charging, deeply analytical McKinsey consultant to a leader who believes in what he calls human magic. He will share how so much of what he initially learned about management is either dated, incomplete, or simply wrong-including how to turn around a business, develop and implement a strategy, mobilize an organization, and what it takes to be a great leader. The leadership principles Joly lays out worked at Best Buy. They can also contribute to the necessary re-foundation of business and capitalism around purpose and humanity"-- |
| Assigning source |
Provided by publisher. |
| 610 20 - SUBJECT ADDED ENTRY--CORPORATE NAME |
| Corporate name or jurisdiction name as entry element |
Best Buy (Firm) |
| 9 (RLIN) |
96033 |
| 650 #0 - SUBJECT ADDED ENTRY--TOPICAL TERM |
| Topical term or geographic name entry element |
Business ethics. |
| 9 (RLIN) |
4380 |
| 650 #0 - SUBJECT ADDED ENTRY--TOPICAL TERM |
| Topical term or geographic name entry element |
Industrial management. |
| 650 #0 - SUBJECT ADDED ENTRY--TOPICAL TERM |
| Topical term or geographic name entry element |
Psychology, Industrial. |
| 650 #0 - SUBJECT ADDED ENTRY--TOPICAL TERM |
| Topical term or geographic name entry element |
Leadership. |
| 650 #0 - SUBJECT ADDED ENTRY--TOPICAL TERM |
| Topical term or geographic name entry element |
Success in business. |
| 700 1# - ADDED ENTRY--PERSONAL NAME |
| Personal name |
Lambert, Caroline. |
| 9 (RLIN) |
96034 |
| 776 08 - ADDITIONAL PHYSICAL FORM ENTRY |
| Relationship information |
Online version: |
| Main entry heading |
Joly, Hubert, |
| Title |
The heart of business |
| Place, publisher, and date of publication |
Boston : Harvard Business Review Press, [2021] |
| International Standard Book Number |
9781647820398 |
| Record control number |
(DLC) 2020047843 |
| 906 ## - LOCAL DATA ELEMENT F, LDF (RLIN) |
| a |
7 |
| b |
cbc |
| c |
orignew |
| d |
1 |
| e |
ecip |
| f |
20 |
| g |
y-gencatlg |
| 942 ## - ADDED ENTRY ELEMENTS (KOHA) |
| Source of classification or shelving scheme |
|
| Koha item type |
Lincoln Corner |